000 00721nam a2200205Ia 4500
003 IN-BaIIA
008 211028s9999 xx 000 0 eng d
020 _a978-0-19-806968-3
040 _cIIA Library
080 _a82
_bTAG-3
245 0 _aSelected writings on literature and language
_cedited by Rabindranath Tagore and Sukanta Chaudhuri
260 _aNew Delhi
_bOxford University Press
_c2001
300 _axvi, 413p.
650 _aEnglish literature and language
_933955
650 _aEssays, stories, poems etc
_933956
650 _aTagore, Rabindranath
_933957
700 _aChaudhuri, Sukanta, ed.
_933958
700 _aTagore, Rabindranath., ed.
_933959
942 _cBK
999 _c17865
_d17865